| 000 | 00389nam a22001457a 4500 | ||
|---|---|---|---|
| 020 | _qPB. | ||
| 040 | _cFIZZA ISHAQ | ||
| 082 |
_a658.1511 _bBRA |
||
| 100 |
_aBraun , Karen W. _9132137 |
||
| 245 |
_aManagerial Accounting / _c Karen W. Braun. |
||
| 250 | _a2ND ED. | ||
| 260 |
_aNEW YORK: _bPEARSON, _c2010. |
||
| 300 |
_aI-1; I-14 ;Index Inc ,826 P. ; _c26.05 X 20.04cm |
||
| 942 |
_2ddc _cBK |
||
| 999 |
_c615409 _d615409 |
||